| 000 | 00878nam a22002537a 4500 | ||
|---|---|---|---|
| 005 | 20140311162926.0 | ||
| 008 | 081106t xxu||||| |||| 00| d hin d | ||
| 010 | _aHIN-101940 | ||
| 020 |
_c150.00 _a9789380628196 |
||
| 035 | _aHN-74286 | ||
| 037 | _bDBAD / PUB | ||
| 040 |
_aDPL _bHN |
||
| 082 | _aक | ||
| 100 |
_927262 _aपांडेय,दयानंद |
||
| 245 |
_aहारमोनियम के हज़ार टुकड़े / _cदयानंद पांडेय |
||
| 260 |
_aदिल्ली _bजनवाणी प्रकाशन _c2011 |
||
| 270 |
_a30/35-36,गली न.9, विश्वास नगर _bदिल्ली _e110032 |
||
| 300 |
_a88पृ. _c22सेमी(सजिल्द) |
||
| 650 | _927268 | ||
| 650 | _927263 | ||
| 700 |
_a _927271 |
||
| 710 | _927272 | ||
| 942 |
_2ddc _cHN _mपांडेय _hक |
||
| 999 |
_c82964 _d82964 |
||